Biblioteca y Centro de Documentación

El futuro del sistema universitario español y su nuevo marco jurídico (Registro nro. 53000)

Detalles MARC
000 -CABECERA
Longitud fija campo de control 01402nam a2200397 c 4500
001 - NÚMERO DE CONTROL
Número de control 53000
003 - IDENTIFICADOR DE NÚMERO DE CONTROL
Identificador del número de control ES-MaCES
005 - FECHA Y HORA DE LA ÚLTIMA TRANSACCIÓN
Fecha y hora de la última transacción 20250203132934.0
008 - CAMPO FIJO DE DESCRIPCIÓN FIJA--INFORMACIÓN GENERAL
Códigos de información de longitud fija   240118s2023 sp 100 0 s d
017 ## - NÚMERO DE REGISTRO DE DERECHOS DE AUTOR Y DEPÓSITO LEGAL
Número de copyright o de depósito legal M 26531-2023
Agencia que asigna el número DL
020 ## - ISBN (INTERNATIONAL STANDARD BOOK NUMBER)
Número Internacional Normalizado para Libros (ISBN) 9788419446787
040 ## - FUENTE DE CATALOGACIÓN
Centro catalogador de origen ES-MaCES
Lengua de catalogación spa
Centro transcriptor ES-MaCES
041 0# - CÓDIGO DE IDIOMA
Código de lengua del texto;banda sonora o título independiente spa
-- eng
111 2# - ENCABEZAMIENTO PRINCIPAL--NOMBRE DE REUNIÓN
9 (RLIN) 40866
Nombre de congreso o jurisdicción como elemento de entrada XVI Curso sobre Régimen Jurídico de Universidades
Número del congreso o número de parte o sección de la obra 16º
Fecha del congreso 2023
Sede del congreso Palma (Illes Balears)
245 03 - MENCIÓN DE TÍTULO
Título El futuro del sistema universitario español y su nuevo marco jurídico
Resto del título
Mención de responsabilidad, etc. Actas del XVI Curso sobre Régimen Jurídico de Universidades, Universitat de les Illes Balears, 25 y 26 de mayo de 2023 ; dir. Ana I. Caro Muñoz
250 ## - MENCIÓN DE EDICIÓN
Mención de edición 1ª ed
260 ## - PUBLICACIÓN, DISTRIBUCIÓN, ETC (PIE DE IMPRENTA)
Lugar de publicación, distribución, etc. Las Rozas (Madrid)
Nombre del editor, distribuidor, etc. Wolters Kluwer
Fecha de publicación, distribución, etc. 2023
300 ## - DESCRIPCIÓN FÍSICA
Extensión 323p.
Dimensiones 24 cm
500 ## - NOTA GENERAL
Nota general Resumen por capts. en español e inglés
504 ## - NOTA DE BIBLIOGRAFÍA, ETC.
Nota de bibliografía, etc. Bibliografía<br/>
541 ## - NOTA DE LA FUENTE INMEDIANTE DE ADQUISICIÓN
Forma de adquisición Compra
650 #4 - ASIENTO SECUNDARIO DE MATERIA--TÉRMINO DE MATERIA
Término de materia o nombre geográfico como elemento inicial universidad
9 (RLIN) 27434
650 #4 - ASIENTO SECUNDARIO DE MATERIA--TÉRMINO DE MATERIA
Término de materia o nombre geográfico como elemento inicial enseñanza superior
9 (RLIN) 27379
650 #4 - ASIENTO SECUNDARIO DE MATERIA--TÉRMINO DE MATERIA
Término de materia o nombre geográfico como elemento inicial reforma educativa
9 (RLIN) 27374
650 #4 - ASIENTO SECUNDARIO DE MATERIA--TÉRMINO DE MATERIA
Término de materia o nombre geográfico como elemento inicial administración educativa
9 (RLIN) 27207
650 #4 - ASIENTO SECUNDARIO DE MATERIA--TÉRMINO DE MATERIA
Término de materia o nombre geográfico como elemento inicial certificado
9 (RLIN) 26767
650 #4 - ASIENTO SECUNDARIO DE MATERIA--TÉRMINO DE MATERIA
Término de materia o nombre geográfico como elemento inicial estudiante
9 (RLIN) 27441
650 #4 - ASIENTO SECUNDARIO DE MATERIA--TÉRMINO DE MATERIA
Término de materia o nombre geográfico como elemento inicial personal docente
9 (RLIN) 29286
650 #4 - ASIENTO SECUNDARIO DE MATERIA--TÉRMINO DE MATERIA
Término de materia o nombre geográfico como elemento inicial España
9 (RLIN) 26964
650 #4 - ASIENTO SECUNDARIO DE MATERIA--TÉRMINO DE MATERIA
Término de materia o nombre geográfico como elemento inicial régimen jurídico
9 (RLIN) 29894
650 #4 - ASIENTO SECUNDARIO DE MATERIA--TÉRMINO DE MATERIA
Término de materia o nombre geográfico como elemento inicial conferencia
9 (RLIN) 27013
653 10 - TÉRMINO DE INDEXACIÓN--NO CONTROLADO
Término no controlado Educación
700 1# - ENCABEZAMIENTO SECUNDARIO--NOMBRE PERSONAL
9 (RLIN) 9036
Nombre de persona Caro Muñoz, Ana Isabel
Término indicativo de función dir.
902 ## - CES. TIPO DE DOCUMENTO
Tipodoc (006$c Sirtex) LIB Libro
942 ## - ELEMENTOS KOHA
Fuente de clasificaión o esquema Clasificación propia del CES
Koha [por defecto] tipo de item Monografías
Parte de clasificación Educación
Existencias
Número de registro Signatura completa Tipo de item de Koha
093251 SG-4.0.-200 Monografías
© CES, Consejo Económico y Social de España 2021